00488nam a2200193 a 4500001001300000003000900013005001700022008004100039020002300080082001800103100001900121245003100140260004100171300000900212500003500221505001000256650000900266700001900275nice12345678IN_TiNIC20260116014447.0070416s2002 newa grp 000 0 eng  a0761996222 c46000a362.1969bPAN aPanda, Samiran aLiving With the Aids Virus aNew Delhi bSage Publications c2002 a204p aincludes index and biblioraphy2 aIndex aAids1 aPanda, Samiran